| 000 | 01703nam a2200241Ia 4500 | ||
|---|---|---|---|
| 008 | 260220t1942||||xx |||||||||||||| ||spa|| | ||
| 040 |
_aPY-SlUNAC _bspa _erda |
||
| 041 | _aspa | ||
| 082 |
_a200 _bJ564d |
||
| 100 |
_aJimenez, D. German _eAutor |
||
| 245 | 0 |
_aEl decenio crítico : _ba los jóvenes de 16 a 26 años, por un consiliario de acción católica / _cpor D. German Jimenez [Autor] |
|
| 264 |
_aBilbao : _bPía Sociedad de San Pablo, _c℗1942. |
||
| 300 | _a1 volumen | ||
| 520 | _aEn "El decenio crítico", D. Germán Jiménez aborda los desafíos y dilemas que enfrentan los jóvenes de 16 a 26 años en un contexto de transformación social y cultural en la década de 1940. A través de un enfoque reflexivo y orientador, el autor explora la búsqueda de identidad, valores y propósito entre los jóvenes, instando a un compromiso activo y responsable con la sociedad. Jiménez subraya la importancia de la acción católica como un medio para fomentar la formación espiritual y ética, promoviendo la participación de los jóvenes en iniciativas que contribuyan al bienestar colectivo. Además, el libro ofrece una crítica a las influencias externas que pueden desviar a los jóvenes de su verdadero potencial, proponiendo un camino de autodescubrimiento y servicio. La obra se convierte en una guía para una generación en crisis, alentando a los jóvenes a enfrentar sus retos con fe, valentía y un sentido de comunidad. | ||
| 653 | _aAcción católica | ||
| 653 | _aEducación | ||
| 653 | _aJuventud | ||
| 942 |
_b2026/02/17 _cBK |
||
| 999 |
_c6842 _d6842 |
||